000 00550nam a2200193Ia 4500
005 20260429112039.0
008 260429s9999||||xx |||||||||||||| ||und||
020 _a9781804895191
041 _aEnglish
082 _a338.4791
_bSEA
100 _aSearle, Kieran
245 0 _aTourism as an economic enterprises /
_cKieran Searle
260 _aUnited Kingdom :
_bBrilliant Publication Ltd. ,
_c2026.
300 _ax, 298 p.; hb
650 _a Hospitality industry
650 _a Tourism management
650 _aTourism economics
942 _cTB
999 _c52070
_d52070